| 000 | 00527nam a22001817a 4500 | ||
|---|---|---|---|
| 005 | 20251108164737.0 | ||
| 008 | 250721s1992 xx 000 0 ara d | ||
| 082 | 1 | 4 | _a808.8/شيخ |
| 100 | 1 | _aشيخاني، سمير | |
| 245 | 1 | 0 | _aخمسة آلاف قول في المرأة و الرجل / |
| 264 | 1 |
_aبيروت : _bدار الجيل، _c1992. |
|
| 300 | _a248ص. | ||
| 650 | 1 | 7 | _aالمنوعات الأدبية |
| 650 | 1 | 7 | _aالأدب |
| 650 | 1 | 7 | _aالحكم (الأمثال) |
| 942 |
_2ddc _cBK |
||
| 999 |
_c13263 _d13263 |
||